00793nam a2200241Ia 4500001000600000003000900006008004100015040001300056040001300069041001300082100001700095100002900112245002600141245004500167250001100212260000900223260002600232260004900258300005700307500013500364650002100499650003100520A4917IT-RoPAU130308s9999 xx 000 0 und d aIT-RoPAU cIT-RoPAU aITALIANO aAyfre Amedee gCodice Aut. SPICS: 9711 aSpirito dell'infanzia bCattolici e Il Cinema Anni cinquanta (I) a1a ed. aROMA bEnte Dello Spettacolo c1990 [1° Ed.:1990 - Ed.Ling.Originale:1957] a"7 p. (prefazione: no ; testo: 7 [pagine: 227-233])" aDalla rivista del Cinematografo Luglio/Agosto 1957. Spirito Infantile Autentico in Alcuni Film Ma Approssimativo e Falso in Altri. aSAGGI SUL CINEMA eCodice materia Spics: 6811